Suelos para Niños / (Registro nro. 30250)
[ vista simple ]
| 000 -LEADER | |
|---|---|
| fixed length control field | 00660nam a22001457a 4500 |
| 003 - CONTROL NUMBER IDENTIFIER | |
| control field | OSt |
| 005 - DATE AND TIME OF LATEST TRANSACTION | |
| control field | 20230919194857.0 |
| 008 - FIXED-LENGTH DATA ELEMENTS--GENERAL INFORMATION | |
| fixed length control field | 230919b |||||||| |||| 00| 0 eng d |
| 040 ## - CATALOGING SOURCE | |
| Transcribing agency | CO-JMCR |
| 082 04 - DEWEY DECIMAL CLASSIFICATION NUMBER | |
| Classification number | C / |
| Item number | SUEi |
| 100 10 - MAIN ENTRY--PERSONAL NAME | |
| Personal name | Instituto Geográfico Agustín / |
| Relator term | autor |
| 9 (RLIN) | 42914 |
| 245 ## - TITLE STATEMENT | |
| Title | Suelos para Niños / |
| Statement of responsibility, etc. | Institulo Geográfico Agustín |
| 520 ## - SUMMARY, ETC. | |
| Summary, etc. | Simón era un niño al que le encataba explorar la naturaleza. En sus paseos de vacaciones siempre tuvo la fortuna de conocer paisajes espectaculares, con plantas y animales diversos y muy raros. Fue a la selva Amazónica, a la Isla de San ANdrés, al Eje Cafetero y a los nevados. |
| 942 ## - ADDED ENTRY ELEMENTS (KOHA) | |
| Source of classification or shelving scheme | Dewey Decimal Classification |
| Koha item type | Books |
| Withdrawn status | Lost status | Source of classification or shelving scheme | Damaged status | Not for loan | Collection code | Home library | Current library | Date acquired | Total Checkouts | Full call number | Barcode | Date last seen | Date last checked out | Copy number | Price effective from | Koha item type |
|---|---|---|---|---|---|---|---|---|---|---|---|---|---|---|---|---|
| Dewey Decimal Classification | Fiction | Biblioteca Pública José María del Castillo y Rada | Biblioteca Pública José María del Castillo y Rada | 09/19/2023 | 10 | C / SUEi | 201812041 | 06/03/2025 | 06/03/2025 | Ej. 1 | 09/19/2023 | Books |